Statistiques concernant Chefs-lieux des régions françaises

Cliquez ici pour prendre le quiz!

Statistiques générales

  • Ce quiz a été pris 318 fois
  • Le résultat moyen est 23 sur 27

Statistiques - réponses

RégionChef-lieu% Correct
Île-de-FranceParis
99%
AquitaineBordeaux
98%
AlsaceStrasbourg
98%
CorseAjaccio
97%
Nord-Pas-de-CalaisLille
96%
Rhône-AlpesLyon
95%
Provence-Alpes-Côte-d'AzurMarseille
95%
Pays de la LoireNantes
95%
BretagneRennes
94%
Midi-PyrénéesToulouse
93%
BourgogneDijon
91%
Basse-NormandieCaen
88%
Haute-NormandieRouen
88%
AuvergneClermont-Ferrand
87%
CentreOrléans
87%
Languedoc-RoussillonMontpellier
83%
LorraineMetz
80%
Poitou-CharentesPoitiers
78%
PicardieAmiens
77%
La RéunionSaint-Denis
76%
LimousinLimoges
75%
MartiniqueFort-de-France
72%
Franche-ComtéBesançon
71%
GuyaneCayenne
70%
GuadeloupeBasse-Terre
62%
Champagne-ArdenneChâlons-en-Champagne
55%
MayotteMamoudzou
53%

Distribution des résultats

Percentile par nombre de réponses

% des personnes avec chaque résultat

Votre développement - résultats

Vous n’avez pas pris ce quiz